01427cam a2200289 a 4500001000500000005001700005008004100022020001800063040002300081050002300104082001400127100002400141245003500165260003500200300002400235490003800259505000800297520054600305521002000851521002000871650002700891650002000918906004500938942001500983999001500998952012401013106820230821133708.0100406s2009 nyu c 000 1 eng  a9780545034326 aDLCcDLCdDLCbeng00aPZ7.A1587bGh 200900a[Fic]2221 aAbbott, Tonyd1952-14aThe ghost road /cTony Abbott. aNew York :bScholastic,c2009. a162 pages :c20 cm.0 aHaunting of Derek Stone ;vBook 4 aM  a"Could the road to the afterlife be a two-way street? Derek can't claim to be a normal fourteen-year-old anymore. Not after what he discovered at the Red House. His role in the war against the dead is more pivotal--and more terrifying--than he could have imagined. And so it all comes down to this. The Rift between the worlds of the living and the dead has to be closed forever. It seems like an impossible task. And it rests squarely on the shoulders of a slightly overweight, not especially brave kid named Derek Stone."--p. [4] of cover. a540 bLexile  aM bRaz-Plus  1aSupernaturalvFiction. 1aHorror stories. a7bcbccorignewd2encipf20gy-gencatlg 2ddccBKn0 c1068d1068 00102ddc40708JUVFa001b001cTTPd2023-07-19l0oABB Fic PZ7.A1587pFISSE00188r2024-01-15 13:07:07w2023-07-19yBK